| 000 | 01368cam a2200361 a 4500 | ||
|---|---|---|---|
| 001 | 1141600 | ||
| 003 | OSt | ||
| 005 | 20250129112839.0 | ||
| 008 | 950123s1995 nyu 001 0deng | ||
| 010 | _a 95001665 | ||
| 020 | _a0385413726 | ||
| 040 |
_aDLC _cDLC _dDLC |
||
| 043 |
_ama----- _aa-is--- _aa-le--- |
||
| 050 | 0 | 0 |
_aDS119.7 _b.F736 1995 |
| 082 | 0 | 0 |
_a956.04 _220 |
| 100 | 1 | _aFriedman, Thomas L. | |
| 245 | 1 | 0 |
_aFrom Beirut to Jerusalem : _bupdated with a new chapter / _cThomas L. Friedman. |
| 260 |
_aNew York : _bAnchor Books, Doubleday, _cc1995. |
||
| 300 |
_axv, 588 p. ; _c21 cm. |
||
| 500 | _aIncludes index. | ||
| 600 | 1 | 0 |
_aFriedman, Thomas L. _xTravel _zMiddle East. |
| 650 | 0 |
_aArab-Israeli conflict _y1973-1993. |
|
| 650 | 0 |
_aArab-Israeli conflict _y1993- |
|
| 651 | 0 |
_aMiddle East _xPolitics and government _y1979- |
|
| 651 | 0 |
_aLebanon _xHistory _yIsraeli intervention, 1982-1985. |
|
| 651 | 0 |
_aLebanon _xPolitics and government _y1975-1990. |
|
| 651 | 0 |
_aLebanon _xPolitics and government _y1990- |
|
| 651 | 0 |
_aIsrael _xPolitics and government _y1967-1993. |
|
| 856 | 4 | 2 |
_3Publisher description _uhttp://www.loc.gov/catdir/description/random041/95001665.html |
| 906 |
_a7 _bcbc _corignew _d1 _eocip _f19 _gy-gencatlg |
||
| 942 |
_2ddc _cBK |
||
| 999 |
_c4054 _d4054 |
||